000 00476nmm a2200169Ia 4500
008 251105s9999||||xx |||||||||||||||||und||
020 _a8493137626
041 _aspa
100 _aBorau, José Luis
245 0 _aLeo :
_b guion cinematográfico de José Luis Borau
264 _a[Madrid, España] :
_bOcho y Medio,
_c2000
300 _a272 páginas
490 _aEspiral
650 _aFilm studies
856 _uhttps://public.digitaliapublishing.com/a/366
942 _cCF
999 _c73923
_d73923